| 000 | 01003nam a22003137a 4500 | ||
|---|---|---|---|
| 003 | CHAP | ||
| 005 | 20220329143727.0 | ||
| 008 | 110419s1979 es a r 00010 spa d | ||
| 010 | _a100991 | ||
| 011 | _a101963 | ||
| 020 | _a8423704459 | ||
| 035 | _a112651 | ||
| 040 | _cCHAP | ||
| 082 | 0 | 4 |
_a540.76 _bB45 1979 |
| 100 | 1 |
_aBermejo Martínez, Francisco. _911841 |
|
| 245 | 1 | 0 |
_aProblemas de química general y sus fundamentos teóricos _c/por Francisco Bermejo Martínez y Manuel Paz Castro |
| 250 | _a4 ed. | ||
| 260 |
_aMadrid : _bDossat, _c1979 |
||
| 300 |
_a478 p. : _bilus., tablas |
||
| 590 |
_aBATCH-UPD _b10 _c20130110 _lUCH01 _h1228 |
||
| 590 |
_aBATCH-UPD _b10 _c20130410 _lUCH01 _h0759 |
||
| 590 |
_aBATCH-UPD _b10 _c20130914 _lUCH01 _h0608 |
||
| 590 |
_aCONVERSION _b10 _c20130109 _lUCH01 _h1356 |
||
| 650 | 1 | 4 |
_aQuímica. _993552 |
| 700 | 1 |
_aPaz Castro, Manuel _986345 |
|
| 901 | _aBK | ||
| 942 | _cLIBRO | ||
| 949 |
_a540.76 B45 1979 _bBC _cLIBRO _d33724002224603 _eLIBRO _h114724 _i112651 _so |
||
| 999 |
_c100991 _d100991 |
||